1M+ Cities By Letter On A Map - W, X, Y, Z - Statistics

General Stats
  • This quiz has been taken 172 times
  • The average score is 9 of 21
Answers on the Map
Answers color-coded by a green-red scale on the quiz's map according to % correct below.
 
Answer Stats
Population City % Correct
1,702,139 Warsaw
97%
6,501,190 Xi'an
86%
4,477,638 Yangon
83%
9,785,388 Wuhan
82%
1,093,485 Yerevan
80%
1,299,369 Yaounde
78%
3,531,347 Xiamen
77%
1,349,772 Yekaterinburg
73%
3,574,443 Yokohama
69%
4,253,913 Zhengzhou
57%
3,543,719 Wuxi
30%
3,129,228 Zibo
30%
1,142,483 Zapopan
14%
3,121,275 Zhongshan
9%
1,590,668 Xinyang
3%
1,034,081 Xianyang
2%
1,265,536 Xuchang
2%
1,200,000 Yueyang
2%
2,612,800 Yunfu
2%
1,077,730 Yono
1%
1,000,000 Zhu Cheng City
1%
No matching quizzes found
Score Distribution
Percent of People with Each Score
Percentile by Number Answered
Your Score History
You have not taken this quiz